000 00459nam a2200169Ia 4500
999 _c18598
_d18598
003 OSt
005 20200707151126.0
008 190216s9999||||xx |||||||||||||| ||und||
040 _coclc
082 _a956
_bKHA/T
100 _aKhayyoom, Abdul
_93634
245 0 _aThurky Viplavam /
_cAbdul Khayyoom
260 _bIslamic Publishing House,
_c1978.
300 _a448p
650 _aHistory
942 _cBK
_2ddc
_h956
_iKHA/T
_k956
_mKHA/T